00423nam a2200169Ia 4500003000400000005001700004008004100021040000700062041000800069082002500077100001700102245005900119250000600178260004400184300001200228365001300240OSt20230505170256.0210423s2004 xx 000 0 und d cAL aeng a574.19245223b ROES aROE (Simon). aProtein purification techniques: a practical approach. a2 aNew YorkbOxford University Pressc2004 axvi,262 b475cINR